[Event "V. Korchnoy Memorial 2018"]
[Site "St. Petersburg"]
[Date "2018.08.20"]
[Round "6"]
[White "Lugovskoy, Maxim"]
[Black "Aleksandrov, Aleksej"]
[Result "1/2-1/2"]
[WhiteElo "2405"]
[BlackElo "2585"]
[Annotator "TA"]
[PlyCount "165"]
[EventDate "2018.08.15"]
[EventType "swiss"]
[EventCountry "RUS"]
[SourceTitle "playchess.com"]
[Source "ChessBase"]
[SourceQuality "1"]

{[%evp 26,165,16,18,22,18,22,22,21,-20,-20,-22,-18,-27,-37,-70,-62,-83,0,0,0,0,0,0,0,0,0,0,0,0,0,0,0,-28,-25,-43,-11,-19,-4,-6,-6,-4,-8,-16,-16,-39,-16,-16,-17,-16,-16,-19,-1,-13,0,-23,-26,-57,-38,-66,-70,-75,-38,-61,-63,-71,-14,-13,-12,-12,-13,-14,-18,-14,-20,-68,-6,-27,0,0,0,0,0,0,0,0,0,0,0,0,0,0,0,0,0,0,0,0,0,0,0,-3,0,0,0,0,0,0,0,0,0,0,0,0,0,0,0,0,0,0,0,0,0,0,0,0,0,0,0,0,0,0,0,0,0,-21,0,0,0,0,0,0]} 1. e4 e5 2. Nf3 Nc6 3. Nc3 Nf6 4. d4 exd4 5. Nxd4 Bb4 6. Nxc6 bxc6 7. Bd3 d5 8. exd5 cxd5 9. O-O O-O 10. h3 {C47: Scotch Four Knights and Four Knights with 4 g3} c5 (10... c6 11. Qf3 Bd6 12. Bf4 Be6 13. Rfe1 Bxf4 14. Qxf4 Qb8 15. Qxb8 Raxb8 16. Na4 Nd7 17. b3 c5 {½-½ (35) Nakamura,H (2777)-So,W (2780) Saint Louis 2018}) 11. Qf3 Be6 12. Rd1 Qa5 13. Bg5 Bxc3 14. bxc3 {LiveBook: 3 Games} Ne4 15. Bxe4 dxe4 16. Qg3 Kh8 17. Rab1 $146 ({Predecessor:} 17. Rd6 Rae8 {1-0 (40) Lugovskoy,M (2499)-Gevorgyan,D (2346) Moscow 2016}) 17... Qxa2 18. Rb7 e3 19. Qxe3 Qxc2 20. Rd6 a5 {White must now prevent ...a4.} 21. Qxc5 Qf5 ({Black should try} 21... Qe4 $17 22. Rb5 a4) 22. Qxf5 $11 Bxf5 23. Be3 a4 {aiming for ...a3.} 24. Ra7 $1 Rxa7 25. Bxa7 {[%mdl 4096] Endgame KRB-KRB} Rc8 26. Ra6 Bd7 27. Bd4 Kg8 28. Ra7 Bc6 29. c4 h5 30. Kh2 h4 31. g3 hxg3+ 32. Kxg3 f6 33. h4 Rb8 34. h5 Rb3+ 35. Kh2 Rb4 36. h6 gxh6 37. Bxf6 Rxc4 38. Kg3 Bd5 39. f4 Re4 40. f5 h5 41. Ra5 Kf7 42. Bd8 Rg4+ 43. Kf2 Bb3 44. Kf3 Bd1+ 45. Ke3 {[#]} h4 (45... a3 $1 $17 {[%mdl 512] ...Ra4 is the strong threat.} 46. Ra7+ (46. Rxa3 Rg3+) 46... Ke8) 46. Ra7+ Kg8 47. f6 Bb3 48. Bc7 h3 49. Be5 Bf7 50. Kf3 Rg5 (50... Rh4 $15 51. Bh2 (51. Ra8+ $2 Kh7 $19) 51... Rc4) 51. Bg3 Rf5+ 52. Ke3 {The position is equal.} Bb3 53. f7+ Kg7 54. Bd6 Bxf7 55. Rxa4 Rh5 56. Bh2 Be6 57. Re4 Kf6 58. Rf4+ Kg6 59. Re4 Bf5 60. Re8 Rh4 61. Kf3 Kf7 62. Rb8 Ra4 63. Rb2 Kg6 64. Bb8 Ra3+ 65. Kf2 Be4 66. Kg1 Kf5 67. Rf2+ Bf3 68. Rb2 Ra4 69. Kh2 Kg4 70. Bd6 Be4 {[#] ( -> ...Ra1)} 71. Bc5 Ra1 {[%csl Ge4][%cal Ra1h1]} 72. Bg1 Re1 73. Rd2 Rc1 74. Rb2 Rd1 75. Ra2 Kf4 76. Rb2 Bd5 77. Rf2+ Kg4 78. Rb2 Bc4 79. Rc2 Bd3 80. Rf2 Bf1 81. Rb2 Kf3 82. Rb3+ Bd3 83. Kxh3 {Precision: White = 72%, Black = 55%.} 1/2-1/2

[Event "V. Korchnoy Memorial 2018"]
[Site "St. Petersburg"]
[Date "2018.08.20"]
[Round "6"]
[White "Nikitenko, Mihail"]
[Black "Pourramezanali, Amirreza"]
[Result "0-1"]
[WhiteElo "2374"]
[BlackElo "2535"]
[Annotator "TA"]
[PlyCount "94"]
[EventDate "2018.08.15"]
[EventType "swiss"]
[EventCountry "RUS"]
[SourceTitle "playchess.com"]
[Source "ChessBase"]
[SourceQuality "1"]

{[%evp 27,94,0,0,-20,0,0,0,-23,-17,-54,-31,-97,-87,-89,-106,-98,-88,-160,-168,-162,-174,-131,-147,-137,-153,-150,-157,-148,-104,-88,0,-75,-68,-69,-58,-228,-207,-173,-45,-105,-45,-310,-227,-518,-516,-500,-491,-477,-463,-1240,-1236,-1159,-12836,-1810,-1129,-12833,-12834,-12834,-12835,-12835,-12835,-12836,-12835,-12839,-12839,-12841,-12842,-29990,-29991]} 1. e4 e6 2. d4 d5 3. Nd2 Nf6 4. e5 Nfd7 5. f4 c5 6. c3 Nc6 7. Ndf3 Qb6 8. g3 Be7 9. Ne2 O-O 10. Bh3 cxd4 11. cxd4 f6 12. exf6 Nxf6 13. O-O Ne4 14. Kg2 {C05: French Tarrasch: 3...Nf6 4 e5 Nfd7, 5 f4 and 5 Bd3 sidelines} (14. Nc3 Bf6 15. Na4 Bxd4+ 16. Kg2 Qb4 17. a3 Qc4 18. b3 Qxf1+ 19. Qxf1 Bxa1 20. Be3 Bf6 21. Nc5 Nxc5 22. Bxc5 {0-1 (51) Almagro Llamas,P (2466)-Moreno Ruiz,J (2447) Madrid 2017}) 14... Bd7 {LiveBook: 3 Games} 15. Rb1 Bf6 16. Be3 {The position is equal.} Qa6 $146 ({Predecessor:} 16... Na5 17. Bg1 Bb5 18. Re1 Rfe8 19. Nc3 Nxc3 20. bxc3 Qa6 21. Rxe6 Rxe6 22. Bxe6+ Qxe6 23. Rxb5 {½-½ (45) Rostalski,W (2275)-Peters,C Hamburg 1989}) 17. a3 Na5 {[%cal Bc6a5,Ba5c4,Bc4d2][%mdl 32]} 18. Bg1 Rac8 19. Ne5 (19. Re1 $15) 19... Bxe5 $1 $17 20. dxe5 Nc4 21. Re1 Ncd2 22. Rc1 (22. Nd4 $142) 22... Ba4 $1 {[%cal Ra4d1]} (22... Qd3 23. Nd4 $11) 23. Qxa4 Qxa4 24. Bxe6+ Kh8 25. Rxc8 Rxc8 26. Bxc8 Qc2 $1 $40 {[%cal Rc2c8][%mdl 128] Black wants a kill.} 27. Bg4 {aiming for Rc1.} Qxb2 28. Bd4 Qb5 ({Much weaker is} 28... Qxa3 $6 29. Ra1 $16) (28... Qa2 $1 $17 29. e6 Kg8) 29. f5 ({Much worse is} 29. Bxa7 b6 $17) (29. Rc1 $11 Nc4 30. f5) 29... Nb3 30. Bg1 Kg8 31. Rd1 $2 (31. e6 $15) 31... Qc4 $1 $19 32. Nf4 Nbd2 (32... Qc2+ $1 $19 33. Kh3 d4 $1 {[%mdl 512]}) 33. Re1 ({Better is} 33. e6 $1 $15) 33... Qc2 ({Black should try} 33... b6 $17 34. f6 gxf6 35. Be6+ Kh8 36. Bxd5 Qc3 37. exf6 (37. Bxe4 $2 Nxe4 38. Bf2 Nxf2 $19) 37... Nxf6) 34. Nxd5 $2 {[%mdl 8192]} (34. f6 $15 gxf6 35. e6) 34... Qc4 35. Ne3 $2 {[#]} (35. Nf4 Qc6 36. Bxa7) 35... Qc6 $1 36. Bf3 Nxf3 37. Kxf3 Ng5+ 38. Kg4 (38. Ke2 $142 Qb5+ 39. Kf2) 38... Nf3 {( -> ...Qe4+)} 39. Rd1 Qe4+ 40. Kh5 Nxg1 41. Rd8+ Kf7 42. e6+ Ke7 43. Rd7+ Ke8 44. Rxg7 Qxe3 45. Rxh7 Nf3 {[%csl Gf3][%cal Re3g5]} 46. h4 Qe5 47. Kg4 Qe4+ {Precision: White = 27%, Black = 62%.} 0-1

[Event "V. Korchnoy Memorial 2018"]
[Site "St. Petersburg"]
[Date "2018.08.21"]
[Round "7"]
[White "Zvjaginsev, Vadim"]
[Black "Pridorozhni, Aleksei"]
[Result "1/2-1/2"]
[WhiteElo "2643"]
[BlackElo "2564"]
[Annotator "TA"]
[PlyCount "80"]
[EventDate "2018.08.15"]
[EventType "swiss"]
[EventCountry "RUS"]
[SourceTitle "playchess.com"]
[Source "ChessBase"]
[SourceQuality "1"]

{[%evp 13,80,-10,-6,-22,0,0,14,9,0,0,31,2,10,0,0,0,0,0,7,7,20,30,7,11,14,11,19,0,0,0,0,0,0,0,0,0,0,0,0,0,0,0,0,-40,-16,-2,-13,-13,0,0,0,0,0,0,0,0,0,0,0,0,0,0,0,0,0,0,0,0,0]} 1. e4 e5 2. Nf3 Nc6 3. g3 Nf6 4. d3 Bc5 5. Bg2 d5 6. exd5 Nxd5 7. O-O O-O {LiveBook: 17 Games} 8. c3 {C44: Ponziani Opening and Scotch Gambit} (8. Nbd2 Bg4 9. h3 Bh5 10. Nb3 Bd6 11. c4 Nf6 12. g4 Bg6 13. Nh4 a5 14. Be3 Nd7 15. Nxg6 hxg6 {½-½ (38) Zvjaginsev,V (2643)-Jakovenko,D (2710) Antalya 2017}) 8... Bb6 9. Nbd2 Re8 10. Nc4 Bf5 11. Re1 $146 {[%cal Rf3e5]} ({Predecessor:} 11. a4) 11... f6 12. a4 a5 13. Nh4 Be6 14. Nxb6 Nxb6 15. Be3 Nd5 16. d4 exd4 17. Bxd4 Qd7 18. f4 Nxd4 19. Qxd4 {[#] Hoping for Rxe6!} c6 20. Qc5 Bf7 21. Nf3 {[%cal Bh4f3,Bf3d4,Bd4f5][%mdl 32]} Qc7 22. Nd4 Qb6 23. Rxe8+ Rxe8 24. Qxb6 Nxb6 25. b4 Nc4 26. Nf5 Rd8 27. Bf1 Kf8 28. Re1 Nb2 29. bxa5 {Strongly threatening Re7.The position is equal.} Nxa4 30. Rb1 Bg6 (30... Nc5 {is more complex.} 31. a6 bxa6 32. Ra1 Bd5 33. Nd4 Ne4) 31. Rb4 $1 Bxf5 (31... Nc5 {with more complications.} 32. Nd4 Bf7 33. a6 bxa6 34. Nxc6 Ra8) 32. Rxa4 $11 {[%mdl 4096] Endgame KRB-KRB} Ke7 33. Rb4 Rd7 34. Kf2 Kd8 35. Rd4 Kc7 36. Rxd7+ Bxd7 37. Ke3 b6 38. axb6+ Kxb6 39. Bd3 h6 40. Kd4 Be6 {Precision: White = 77%, Black = 59%.} 1/2-1/2

[Event "V. Korchnoy Memorial 2018"]
[Site "St. Petersburg"]
[Date "2018.08.21"]
[Round "7"]
[White "Aleksandrov, Aleksej"]
[Black "Pershin, Denis"]
[Result "1-0"]
[WhiteElo "2585"]
[BlackElo "2403"]
[Annotator "TA"]
[PlyCount "61"]
[EventDate "2018.08.15"]
[EventType "swiss"]
[EventCountry "RUS"]
[SourceTitle "playchess.com"]
[Source "ChessBase"]
[SourceQuality "1"]

{[%evp 16,61,3,7,22,4,25,14,75,84,79,14,57,36,58,36,40,14,13,15,240,232,238,235,231,211,372,301,276,318,299,236,510,276,596,444,406,389,486,437,29992,29988,29988,29989,29995,29996,29996,29997]} 1. c4 {Fridman,D} c6 2. Nc3 d5 3. e3 Nf6 4. Nf3 e6 5. b3 Nbd7 6. Bb2 Bd6 7. Qc2 O-O 8. h3 {A11: English Opening: 1...c6} Qe7 9. g4 {LiveBook: 13 Games} h6 $146 ({Predecessor:} 9... Ba3 10. Bxa3 Qxa3 11. Bg2 Rb8 12. Nd4 Nb6 13. Rc1 Rd8 14. f4 Qb4 {0-1 (40) Gordon,S (2533)-Fridman,D (2667) Caleta 2013 CBM 153 [Fridman,D]}) 10. g5 {The position is equal.} hxg5 11. Nxg5 Ba3 (11... Rd8 $11) 12. Bxa3 $16 Qxa3 13. Rg1 (13. h4 $16) 13... Qd6 14. d4 b6 15. f4 Bb7 16. Bd3 c5 17. Qg2 Ne8 $2 {[#]} (17... Nh5 $11) 18. Bh7+ $1 $18 Kh8 {...cxd4 is the strong threat.} 19. Qg4 cxd4 20. exd4 $40 {[%mdl 128] White has strong attack.} Bc6 $2 (20... Ndf6 21. Qh4 Qe7 22. Bd3+ Kg8) 21. Qh4 {Threatening mate with Bg6+.} Ndf6 22. Rd1 Rc8 23. Kf2 Qe7 $2 (23... dxc4 {keeps fighting.} 24. Bb1+ (24. bxc4 Qe7 $16) 24... Kg8) 24. Rg3 Qd6 $2 (24... Rc7 25. Re1 dxc4) 25. Ne2 Rc7 26. Rdg1 Qd8 27. Kf1 Qd6 (27... Qe7 $18 28. Re3 Qb4 29. Bd3+ Kg8) 28. Bb1+ {White mates.} Kg8 29. Nh7 Ne4 {[#]} 30. Rxg7+ $1 {[%mdl 512]} Nxg7 31. Nf6+ {Precision: White = 62%, Black = 19%.} 1-0

[Event "V. Korchnoy Memorial 2018"]
[Site "St. Petersburg"]
[Date "2018.08.21"]
[Round "7"]
[White "Stupak, Kirill"]
[Black "Levin, Evgeny A"]
[Result "1-0"]
[WhiteElo "2573"]
[BlackElo "2523"]
[Annotator "TA"]
[PlyCount "131"]
[EventDate "2018.08.15"]
[EventType "swiss"]
[EventCountry "RUS"]
[SourceTitle "playchess.com"]
[Source "ChessBase"]
[SourceQuality "1"]

{[%evp 30,131,20,0,0,-76,-2,-2,-2,-6,-11,-6,-4,-9,-12,-12,-12,-12,-2,-12,-12,-11,-14,-10,-8,-10,0,0,0,0,6,0,0,0,26,33,29,7,7,6,7,7,6,4,12,0,0,0,0,0,0,0,8,0,0,0,0,0,0,0,2,0,0,0,7,8,37,8,22,0,73,0,0,0,0,0,0,0,0,0,0,0,0,0,1253,1172,1277,240,166,0,1031,1006,1584,1518,2726,2074,29961,29962,12829,10625,4618,4618,29973,29974]} 1. d4 Nf6 2. c4 e6 3. Nf3 b6 4. g3 Ba6 5. Qa4 Bb7 6. Bg2 c5 7. dxc5 bxc5 8. O-O Be7 9. Nc3 O-O 10. Rd1 Qb6 11. Bf4 Rd8 12. Qb5 {E15: Queen's Indian: 4 g3 sidelines, 4 g3 Ba6 and 4 g3 Bb7 early deviations} (12. Rab1 Nc6 13. Bd6 Bxd6 14. Rxd6 Ne8 15. Rd2 Nf6 16. Rbd1 Rab8 17. b3 a6 18. Qa3 Nb4 19. Qc1 d6 {1-0 (54) Mamedyarov,S (2747)-Navara,D (2734) Huaian 2016}) 12... d6 13. Rd2 h6 14. Rad1 Ne8 15. g4 Nd7 16. h4 {LiveBook: 3 Games} Ndf6 {[#]} 17. Nh2 $146 (17. g5 $11 Qxb5 18. Nxb5 (18. cxb5 hxg5 19. Bxg5 d5 $15) 18... hxg5 19. Nxg5 (19. hxg5 Ne4 $11) 19... Bxg2 20. Kxg2) ({Predecessor:} 17. Qxb6 axb6 18. g5 hxg5 19. hxg5 Ne4 20. Nxe4 Bxe4 {0-1 (53) Vidit,S (2563)-Banikas,H (2618) Vrachati 2013}) 17... Bxg2 ({Black should try} 17... Qxb5 $17 18. cxb5 Bxg2 19. Kxg2 a6 20. bxa6 d5) 18. Qxb6 $1 $11 axb6 19. Kxg2 {[#]} d5 $1 {[%mdl 512]} 20. cxd5 Nxd5 21. Nxd5 exd5 22. a3 d4 23. Nf3 Nf6 24. g5 hxg5 25. hxg5 Ne4 26. Rd3 Rd5 {[%cal Re7g5]} 27. Rb3 Bd6 ({Don't go for} 27... Nxg5 $2 28. Bxg5 Bxg5 29. e4 $18 (29. Rxb6 Bf6 $11)) 28. Bxd6 Rxd6 29. e3 {[%cal Re3d4]} Ra5 30. exd4 cxd4 31. Rb4 Rf5 (31... Nxg5 {keeps more tension.} 32. Rdxd4 Rh6 33. Nxg5 Rxg5+ 34. Kf1 b5) 32. Rdxd4 Rxd4 33. Rxd4 (33. Nxd4 {is more complex.} Rxf2+ 34. Kg1 Rf4 35. Ne2 Rg4+ 36. Kh2) 33... Nxg5 34. Nxg5 Rxg5+ {[%mdl 4096] Endgame KR-KR} 35. Kf3 Rf5+ 36. Rf4 Re5 37. Re4 Rf5+ 38. Ke3 g5 39. a4 Kg7 40. b4 Rd5 41. Rd4 Re5+ 42. Kd3 Rf5 $1 43. Ke2 Re5+ 44. Kf1 Rf5 45. Kg2 Re5 46. Kf3 Rf5+ 47. Kg3 Kh7 48. f3 {Kg4 is the strong threat.} (48. f4 $5 {[%cal Rg3g4]}) 48... Rf6 49. b5 Rf5 {[#]} (49... Kg6 $11) 50. Rb4 (50. f4 $1 $16) 50... Kg6 51. Rc4 {Threatens to win with Rc6+.} f6 52. Kf2 Rd5 53. Ke3 {And now Rc6 would win.} Rd1 54. Ke4 Kf7 55. Rc6 Re1+ 56. Kd5 Ra1 $2 {[%mdl 8192]} (56... Rd1+ $11 57. Kc4 Rc1+ 58. Kb4 Rb1+ 59. Ka3 Ra1+ 60. Kb3 Rb1+ 61. Ka2 Rb4) 57. Rc4 $18 Rf1 58. Rc3 $2 (58. Kc6 Ke6 59. Kxb6) 58... Ra1 59. Rc4 $2 (59. Rc7+ Ke8 60. Ra7) 59... Rf1 $1 60. Kc6 Rxf3 61. Kxb6 f5 62. a5 {[%cal Ba4a5,Ba5a6,Ba6a7][%mdl 32]} g4 63. a6 g3 64. Rc1 Ra3 65. a7 f4 {[#]} 66. Rf1 $1 {Precision: White = 48%, Black = 57%.} ({Stronger than} 66. Kb7 f3 $11) 1-0

[Event "V. Korchnoy Memorial 2018"]
[Site "St. Petersburg"]
[Date "2018.08.21"]
[Round "7"]
[White "Fedorov, Alexei"]
[Black "Paravyan, David"]
[Result "1/2-1/2"]
[WhiteElo "2561"]
[BlackElo "2630"]
[Annotator "TA"]
[PlyCount "82"]
[EventDate "2018.08.15"]
[EventType "swiss"]
[EventCountry "RUS"]
[SourceTitle "playchess.com"]
[Source "ChessBase"]
[SourceQuality "1"]

{[%evp 12,82,43,26,75,63,80,96,86,57,57,57,57,57,57,58,52,38,52,37,41,38,101,-10,-10,-10,-9,-10,-10,-12,-18,-13,-6,-8,-15,-8,0,0,5,0,0,-20,-20,-53,-53,-53,-53,-53,-53,-53,-53,-53,-53,-52,-52,-53,-53,-55,-53,-63,-53,-53,-53,-53,-53,-53,-53,-53,-53,-53,-53,-53,-53]} 1. e4 c5 2. Ne2 Nf6 3. Nbc3 d5 4. exd5 Nxd5 5. Nxd5 Qxd5 6. d4 Nc6 {B20: Sizilianisch} 7. Be3 {LiveBook: 3 Partien} Bg4 $146 {...cxd4 ist eine echte Drohung.} ({Vorgänger:} 7... cxd4 8. Nxd4 Bd7 9. Nb5 Qe5 10. Qd2 Rd8 11. Qd5 Qb8 12. Qf3 a6 13. Nc3 e6 14. Bb6 Rc8 15. O-O-O Bd6 16. Qd3 Bf4+ 17. Kb1 {1-0 (71) Shubin,K (2375)-Khismatullin,D (2628) Sochi 2017}) 8. dxc5 Qe5 {[#]Weiß steht etwas besser.} 9. c3 $1 e6 10. Qa4 Bxe2 $1 11. Bxe2 {Und Lf3 würde nun gewinnen.} Bxc5 12. Bf4 Qf5 13. O-O O-O 14. Bg3 Rad8 15. Rad1 Bb6 16. Bf3 Ne5 {[#]} ({Lieber} 16... Qc5 $14) 17. Bxb7 (17. Be4 $1 $16 {[%cal Re4f5]} Qf6 18. Qc2 (18. Bxb7 Nd3 $16)) 17... Nd3 $11 18. Be4 Nc5 {[%cal Bd3c5,Bc5a4,Ba4b2][%mdl 32]} 19. Bxf5 Nxa4 20. Bc2 Nxb2 21. Rxd8 Rxd8 22. Rb1 Nc4 {zielt auf ...Sa3 ab.} 23. Rd1 Rxd1+ 24. Bxd1 {[%mdl 4096] Endspiel KLL-KLS} Bc5 25. Bc2 Bd6 26. Bb3 Bxg3 27. Bxc4 {KL-KL} Be5 {Schwarz steht etwas besser.} 28. h3 Kf8 29. Kf1 Bxc3 30. Ke2 Ke7 31. Bb5 Bd4 32. Ba4 g5 33. Bc2 h5 34. Ba4 a5 35. Bb5 f5 36. f3 Bc5 37. a4 Bb6 38. Bc4 Kd6 39. Bb3 Ke5 40. Bc4 h4 41. Bb3 Bc5 {Precision: Weiß = 61%, Schwarz = 76%.} 1/2-1/2

[Event "V. Korchnoy Memorial 2018"]
[Site "St. Petersburg"]
[Date "2018.08.21"]
[Round "7"]
[White "Pourramezanali, Amirreza"]
[Black "Gagare, Shardul"]
[Result "1/2-1/2"]
[WhiteElo "2535"]
[BlackElo "2490"]
[Annotator "TA"]
[PlyCount "170"]
[EventDate "2018.08.15"]
[EventType "swiss"]
[EventCountry "RUS"]
[SourceTitle "playchess.com"]
[Source "ChessBase"]
[SourceQuality "1"]

{[%evp 17,170,24,26,31,23,8,39,27,54,34,76,69,70,74,56,55,71,69,108,58,58,61,55,50,109,103,58,33,42,33,42,41,91,92,99,96,94,94,95,57,111,114,228,235,233,235,247,87,160,129,132,124,185,183,172,164,168,168,174,151,206,202,206,203,242,174,306,167,272,182,483,477,590,580,586,386,352,237,570,554,471,238,525,434,380,237,237,237,237,237,237,237,237,237,237,237,237,237,237,237,237,237,237,237,237,237,237,139,237,237,237,237,237,237,237,237,237,238,246,8,8,8,8,8,8,8,8,8,8,8,8,8,8,8,8,8,8,0,8,8,8,8,8,8,8,0,8,8,8,8,8,8,8,8,8]} 1. Nf3 d5 2. c4 c6 3. e3 Nf6 4. d4 e6 {[%cal Be7e6,Be6e5][%mdl 32]} 5. Bd3 Nbd7 6. O-O dxc4 7. Bxc4 Bd6 8. Re1 {D30: Queen's Gambit Declined: Systems without Nc3} (8. Nc3 O-O 9. e4 e5 10. Be3 Qe7 11. Bb3 exd4 12. Bxd4 Ne5 13. Nxe5 Bxe5 14. Bxe5 Qxe5 15. f4 Qc5+ 16. Kh1 Be6 17. e5 Rad8 18. Qf3 {1-0 (38) Yilmaz,M (2624)-Baryshpolets,A (2603) Ankara 2018}) 8... O-O 9. e4 e5 {LiveBook: 13 Games} 10. Nbd2 {White has an edge.} Qc7 11. h3 $146 ({Predecessor:} 11. dxe5 Nxe5 12. Nxe5 Bxe5 13. h3 Nd7 14. Nf3 Bd6 15. Be3 Ne5 16. Nxe5 Bxe5 17. Qc2 Re8 18. Rad1 Be6 19. Bxe6 Rxe6 20. Re2 Rd8 {½-½ (20) Gleyzer,L (2317)-Lupini,S (2309) ICCF email 2016}) 11... b5 12. Bf1 a6 13. a4 Rb8 14. dxe5 Nxe5 15. Nxe5 Bxe5 16. Nf3 Rd8 17. Qc2 c5 18. Nxe5 Qxe5 19. axb5 axb5 20. g3 Rb6 ({Black should play} 20... Qe7 $14) 21. Ra8 $16 c4 22. Bg2 Ra6 23. Bf4 Qc5 24. Rb8 g5 25. Be3 Qe5 26. Rb6 Rxb6 27. Bxb6 Rd3 28. Rd1 Qe6 (28... Rd6 $14) 29. Be3 $36 {[%mdl 2048] White has strong initiative.} g4 (29... Rxd1+ $16 {was called for.} 30. Qxd1 h6 31. Qd8+ Ne8) 30. Rxd3 $18 cxd3 31. Qxd3 gxh3 32. Bf3 $2 (32. Qd8+ $18 Kg7 33. Bf3) 32... Qd7 (32... Bd7 $142) 33. Qxd7 Bxd7 $16 {[%mdl 4096] Endgame KBB-KBN} 34. Bd4 Ne8 (34... Bg4 $16) 35. e5 $18 Ng7 36. Bc5 Ne6 37. Be3 Kg7 38. Be4 h6 (38... h5 $16 39. f4 Nd8) 39. f4 Nd8 40. Kh2 h5 41. Bd3 Ne6 (41... f6 {is a better defense.} 42. exf6+ Kxf6) 42. Bf1 (42. f5 $142 Nd8 43. Bf4) 42... Nd8 (42... Nc7 $142 43. Bd3 (43. Bxh3 Bxh3 44. Kxh3 Nd5 $18) 43... Nd5) 43. Bb6 ({Don't take} 43. Bxh3 $6 Bxh3 44. Kxh3 f6 $18) 43... Nc6 $2 (43... Ne6 {is more resistant.} 44. b4 Kh7 45. Bxh3 Kh6) 44. Bxb5 Nxe5 {Threatens to win with ...Nf3+.} 45. Bxd7 $1 ({Not} 45. fxe5 Bxb5 46. Kxh3 Kg6 $11) 45... Nxd7 {KB-KN} 46. Bd4+ Kg6 47. Kxh3 Nf8 $2 (47... Nb8 {is a better chance.} 48. b4 Nc6) 48. b4 Ne6 49. Bb6 $1 f5 $2 (49... Nf8 50. b5 Ne6) 50. b5 Kf7 51. Be3 Nd8 52. Bc5 $1 Nb7 53. Bb4 Nd8 54. Bc3 $1 Nb7 {[#]} 55. Be5 $1 Nd8 {[#]} 56. Bb2 $1 Nb7 57. Ba3 Nd8 58. Kh2 Nb7 59. Kg2 Ke6 60. b6 Nd8 61. Bf8 Nb7 62. Kf3 ({Better is} 62. Kh3 $18) 62... Kd5 (62... Kd7 $16 {might work better.} 63. Kg2 Na5) 63. Bb4 Nd8 64. Be7 Nb7 65. Ke3 Kc4 66. Kd2 Na5 67. Kc2 Nb7 68. Bf6 $2 (68. Ba3 $18) 68... Kc5 $11 {The position is equal.} 69. Kd3 {And now Be7+ would win.} Kxb6 70. Kd4 {Strongly threatening Ke5.} Kc6 71. Ke5 $1 {[%cal Re5f5]} Nd6 72. Bh4 Kd7 73. Kf6 $1 Kc7 74. Ke7 Kc6 75. Ke6 Kc7 $1 76. Be7 Ne4 $1 77. Bh4 Nd6 78. Bd8+ Kc6 79. Be7 Ne4 $1 80. Bh4 Nd6 81. Be7 Ne4 $1 82. Kxf5 Nxg3+ 83. Ke5 Kd7 84. Bh4 Ne2 85. f5 Ke8 {Precision: White = 69%, Black = 46%.} 1/2-1/2

[Event "V. Korchnoy Memorial 2018"]
[Site "St. Petersburg"]
[Date "2018.08.21"]
[Round "7"]
[White "Tsydypov, Zhamsaran"]
[Black "Vavulin, Maksim"]
[Result "1-0"]
[WhiteElo "2520"]
[BlackElo "2545"]
[Annotator "TA"]
[PlyCount "123"]
[EventDate "2018.08.15"]
[EventType "swiss"]
[EventCountry "RUS"]
[SourceTitle "playchess.com"]
[Source "ChessBase"]
[SourceQuality "1"]

{[%evp 29,123,1,24,0,4,-17,10,6,15,11,11,6,0,0,4,0,0,0,13,0,20,25,31,-11,-14,-170,-154,-162,-149,-169,-157,-164,-166,-156,-171,-171,-141,-169,-152,-164,0,-154,-116,-117,-111,-135,-95,-100,0,-59,0,0,0,0,0,-120,-68,-66,-70,-74,-73,-80,-74,-70,-1,-147,0,0,0,0,0,-96,0,0,0,0,0,0,0,0,0,0,572,572,568,558,925,835,1106,1083,12841,12841,12841,12840,12842,12841]} 1. e4 e5 2. Nf3 Nc6 3. Bb5 a6 4. Ba4 Nf6 5. O-O Be7 6. Re1 b5 7. Bb3 d6 8. c3 O-O 9. h3 Re8 10. d4 Bb7 11. Nbd2 Bf8 12. a3 {[%cal Ba2a3,Ba3a4][%mdl 32]} h6 13. Bc2 Nb8 {C93: Closed Ruy Lopez: Smyslov Variation} 14. a4 (14. b3 Nbd7 15. Bb2 c5 16. d5 Bc8 17. a4 Rb8 18. axb5 axb5 19. Bd3 Nh5 20. Bf1 g6 21. Nh2 Ng7 22. Bd3 Nf6 {1-0 (49) Harikrishna,P (2744)-Ivanchuk,V (2726) Riadh 2017}) 14... Nbd7 15. Bd3 c6 {LiveBook: 13 Games. The position is equal.} 16. b4 Qc7 $146 ({Predecessor:} 16... Nb6 17. a5 Nbd7 18. Rb1 g6 19. Nf1 Bg7 20. Ng3 Qc7 21. Bd2 Nf8 22. Qc1 h5 {1-0 (77) Garcia Pantoja,R (2425)-Ochoa de la Rosa,M (2231) Havana 2013}) 17. Bb2 Nb6 18. axb5 axb5 19. Rxa8 Bxa8 20. Qb3 Nfd7 21. Nf1 Qb8 22. Bc1 Bb7 23. Be3 Qc7 24. Ng3 Nf6 {[%cal Bd7f6,Bf6d5,Bd5e3][%mdl 32]} 25. Nd2 Bc8 26. f4 Nfd5 27. Nh5 $2 (27. exd5 $11 {and White has nothing to worry.} exf4 28. Bf2 Rxe1+ 29. Bxe1 fxg3 30. dxc6) 27... Nxe3 $19 28. Rxe3 Qe7 $1 29. Rf3 Qh4 30. Ng3 ({Don't go for} 30. Nxg7 $2 Bxg7 31. dxe5 dxe5 $19) 30... exf4 31. Ngf1 Be6 32. Qb1 Ra8 33. Nb3 Ra3 34. Bc2 Ra8 $2 (34... Na4 $19 {Strongly threatening ...g5.} 35. Nfd2 Be7) 35. Na5 $2 (35. Bd3 $1 $11) 35... Rc8 36. Bb3 d5 37. e5 Rc7 38. Bc2 Nc8 (38... f6 $17 {aiming for ...fxe5.} 39. Bf5 Bf7) 39. Bh7+ $11 Kh8 40. Bf5 {Bxe6 is the strong threat.} Ne7 41. Bxe6 fxe6 42. g4 (42. Nb3 $1 $11 {keeps the balance.}) 42... Kg8 (42... g5 $17 43. Qc2 Qe1) 43. Nb3 $15 h5 $1 44. Nh2 hxg4 $1 45. hxg4 Qh6 46. Nc5 g5 ({Black should try} 46... Ra7 $15) 47. Qf1 {[#]} (47. Rf2 $11 {remains equal.}) 47... Ra7 (47... Ng6 $1 $17 {Hoping for ...Bxc5.} 48. Rh3 Nh4) 48. Rh3 $11 Qg6 49. Nf3 Ra3 50. Rh5 {[#]} (50. Qc1 $11 Ra2 51. Qf1) 50... Bh6 (50... Qc2 $1 $17 {[%cal Rc2c3]} 51. Qe1 (51. Nxe6 $2 Qxc3 52. Kg2 Ng6 $19) (51. Rxg5+ Kf7 $17) 51... Rxc3) 51. Qd3 $36 {[%mdl 2048] White is more active.} Kf7 {next ...Qxd3 is good for Black.} 52. Qxg6+ Kxg6 53. Nxe6 {[%cal Rf3g5]} Rxc3 54. Kf2 {[%cal Rf3g5]} Rc2+ 55. Kf1 {[%cal Rf3g5]} Nf5 $2 {[%mdl 8192] [#]} (55... Rc4 $11) 56. Nxf4+ $1 $18 {[%mdl 512] White is clearly winning.} gxf4 57. Rxf5 {KRB-KRN} Rc3 58. Nh4+ Kh7 59. Rh5 Rg3 60. Nf5 Rxg4 61. Rxh6+ Kg8 62. Rf6 {Precision: White = 60%, Black = 48%.} 1-0